Huge Bodies of Water Quiz - Statistics

General Stats
  • This quiz has been taken 10 times
  • The average score is 19 of 140
Answers on the Map
Answers color-coded by a green-red scale on the quiz's map according to % correct below.
 
Answer Stats
Answer % Correct
Pacific Ocean
100%
Atlantic Ocean
90%
Arctic Ocean
70%
Black Sea
60%
Caspian Sea
60%
Mediterranean Sea
60%
Baltic Sea
50%
Caribbean Sea
50%
Red Sea
50%
Adriatic Sea
40%
Arabian Sea
40%
Bay of Bengal
40%
English Channel
40%
Gulf of California
40%
Gulf of Mexico
40%
Hudson Bay
40%
Indian Ocean
40%
Lake Erie
40%
Lake Michigan
40%
Lake Superior
40%
North Sea
40%
Aegean Sea
30%
Bay of Biscay
30%
Bering Sea
30%
Bering Strait
30%
East China Sea
30%
Gulf of Alaska
30%
Gulf of Guinea
30%
Lake Victoria
30%
Norwegian Sea
30%
South China Sea
30%
Tasman Sea
30%
Barents Sea
20%
Greenland Sea
20%
Gulf of Bothnia
20%
Gulf of Finland
20%
Ionian Sea
20%
Irish Sea
20%
Lake Baikal
20%
Lake Huron
20%
Lake Ontario
20%
Lake Titicaca
20%
Panama Canal
20%
White Sea
20%
Yellow Sea
20%
Alboran Sea
10%
Baffin Bay
10%
Coral Sea
10%
Davis Strait
10%
Great Bear Lake
10%
Gulf of Aden
10%
Gulf of Carpentaria
10%
Gulf of Oman
10%
Gulf of Riga
10%
Java Sea
10%
Lake Ladoga
10%
Lake Malawi
10%
Lake Tanganyika
10%
Rio de la Plata
10%
Sea of Azov
10%
Sea of Marmara
10%
Southern Ocean
10%
Strait of Gibraltar
10%
Strait of Hormuz
10%
Suez Canal
10%
Amundsen Sea
0%
Andaman Sea
0%
Arafura Sea
0%
Bab-el Mendeb Strait
0%
Balearic (Iberian) Sea
0%
Bali Sea
0%
Banda Sea
0%
Bass Strait
0%
Bay of Fundy
0%
Beaufort Sea
0%
Bellingshausen Sea
0%
Bismarck Sea
0%
Bosporus
0%
Bristol Channel
0%
Celebes Sea
0%
Chukchi Sea
0%
Coastal Waters of SE Alaska & BC (Salish Sea)
0%
Cook Strait
0%
Dardanelles
0%
Denmark Strait
0%
Drake Passage
0%
East Siberian Sea
0%
Flores Sea
0%
Great Australian Bight
0%
Great Slave Lake
0%
Gulf of Aqaba
0%
Gulf of Boni
0%
Gulf of St. Lawrence
0%
Gulf of Suez
0%
Gulf of Thailand
0%
Gulf of Tomini
0%
Gulf of Tonkin
0%
Gulf of Venezuela
0%
Halmahera Sea
0%
Hudson Strait
0%
Inner Seas
0%
James Bay
0%
Japan Sea
0%
Kara Sea
0%
Kattegat
0%
Kerch Strait
0%
Labrador Sea
0%
Laccadive Sea
0%
Lake Athabasca
0%
Lake Balkhash
0%
Lake Nicaragua
0%
Lake Onega
0%
Lake Vostok
0%
Lake Winnipeg
0%
Laptev Sea
0%
Ligurian Sea
0%
Lincoln Sea
0%
Makassar Strait
0%
Malacca Strait
0%
Molucca Sea
0%
Mozambique Channel
0%
Northwestern Passages
0%
Persian Gulf (Gulf of Iran)
0%
Philippines Sea
0%
Ross Sea
0%
Savu Sea
0%
Scotia Sea
0%
Sea of Okhotsk
0%
Seram Sea
0%
Seto (Inland) Sea
0%
Skagerrak
0%
Solomon Sea
0%
Strait of Magellan
0%
Strait of Messina
0%
Strait of Singapore
0%
Sulu Sea
0%
Taiwan Strait
0%
Timor Sea
0%
Tyrrhennian Sea
0%
Weddell Sea
0%
No matching quizzes found
Score Distribution
Percent of People with Each Score
Percentile by Number Answered
Your Score History
You have not taken this quiz